<?xml version="1.0" encoding="UTF-8"?><?xml-stylesheet type="text/xsl" href="static/style.xsl"?><OAI-PMH xmlns="http://www.openarchives.org/OAI/2.0/" xmlns:xsi="http://www.w3.org/2001/XMLSchema-instance" xsi:schemaLocation="http://www.openarchives.org/OAI/2.0/ http://www.openarchives.org/OAI/2.0/OAI-PMH.xsd"><responseDate>2026-06-04T17:02:55Z</responseDate><request verb="GetRecord" identifier="oai:riuma.uma.es:10630/18721" metadataPrefix="marc">https://riuma.uma.es/rest/oai/request</request><GetRecord><record><header><identifier>oai:riuma.uma.es:10630/18721</identifier><datestamp>2026-02-03T12:50:59Z</datestamp><setSpec>com_10630_27</setSpec><setSpec>com_10630_3139</setSpec><setSpec>com_10630_10</setSpec><setSpec>col_10630_15862</setSpec></header><metadata><record xmlns="http://www.loc.gov/MARC21/slim" xmlns:dcterms="http://purl.org/dc/terms/" xmlns:doc="http://www.lyncode.com/xoai" xmlns:xsi="http://www.w3.org/2001/XMLSchema-instance" xsi:schemaLocation="http://www.loc.gov/MARC21/slim http://www.loc.gov/standards/marcxml/schema/MARC21slim.xsd">
   <leader>00925njm 22002777a 4500</leader>
   <datafield ind2=" " ind1=" " tag="042">
      <subfield code="a">dc</subfield>
   </datafield>
   <datafield ind2=" " ind1=" " tag="720">
      <subfield code="a">Casimiro-Soriguer Solanas, Federico</subfield>
      <subfield code="e">author</subfield>
   </datafield>
   <datafield ind2=" " ind1=" " tag="720">
      <subfield code="a">García-Sánchez, José</subfield>
      <subfield code="e">author</subfield>
   </datafield>
   <datafield ind2=" " ind1=" " tag="260">
      <subfield code="c">2017</subfield>
   </datafield>
   <datafield ind2=" " ind1=" " tag="520">
      <subfield code="a">El objetivo de este trabajo es realizar un catálogo florístico de la Desembocadura del Río Guadalhorce y su entorno, que engloba buena parte de la Vega de Málaga y una pequeña franja litoral desde la Desembocadura del Río Guadalhorce hasta el límite con el término municipal de Torremolinos. Toda la zona pertenece al término municipal de Málaga, la cual está fuertemente antropizada, por lo que solo se ha estudiado la flora de las zonas que aún conservan comunidades vegetales naturales. Estas comunidades son todas de carácter edafófilo o higrófilo. Se han recolectado ex profeso para este trabajo 403 pliegos de herbario depositados en el Herbario de la Universidad de Málaga (Herbario MGC). El catálogo final basado en pliegos de herbario se&#xd;
compone de 272 taxones, 21 de los cuales son especies alóctonas agrupadas en un catálogo aparte. Además, se incluye un breve catálogo de citas históricas con 14 taxones que no han podido comprobarse con pliegos de herbario.</subfield>
   </datafield>
   <datafield ind1="8" ind2=" " tag="024">
      <subfield code="a">Acta Botánica Malacitana, vol. 42. nº2, 2017, págs. 249-270</subfield>
   </datafield>
   <datafield ind1="8" ind2=" " tag="024">
      <subfield code="a">0210-9506</subfield>
   </datafield>
   <datafield ind1="8" ind2=" " tag="024">
      <subfield code="a">https://hdl.handle.net/10630/18721</subfield>
   </datafield>
   <datafield tag="653" ind2=" " ind1=" ">
      <subfield code="a">Flora - Málaga</subfield>
   </datafield>
   <datafield ind2="0" ind1="0" tag="245">
      <subfield code="a">Contribución al conocimiento de la flora vascular de la desembocadura del río Guadalhorce y su entorno (Málaga, España)</subfield>
   </datafield>
</record>
</metadata></record></GetRecord></OAI-PMH>